| 000 | 01054pam a2200301 i 4500 | ||
|---|---|---|---|
| 999 |
_c3512 _d3512 |
||
| 003 | OSt | ||
| 005 | 20211118134926.0 | ||
| 008 | 790907s1979 ilua b 001 0 eng | ||
| 020 | _a0815187327 : | ||
| 040 | _cALUPE UNIVERSITY COLLEGE | ||
| 050 | 0 | 0 |
_aRC373 _b.T38 1979 |
| 060 | _aWE17 T233n | ||
| 100 | 1 | _aTaveras, Juan M. | |
| 245 | 1 | 0 |
_aNormal neuroradiology : _band atlas of the skull, sinuses ; and facial bones / _cJuan M. Taveras, Francesco Morello. |
| 260 |
_aChicago : _bYear Book Medical Publishers, _cc1979. |
||
| 300 |
_aix, 752 p. : _bill. ; _c24 x 31 cm. |
||
| 504 | _aIncludes bibliographies and index. | ||
| 650 | 0 |
_aCentral nervous system _xRadiography _xAtlases. |
|
| 650 | 0 |
_aSkull _xRadiography _xAtlases. |
|
| 650 | 0 |
_aRadiography, Medical _xAtlases. |
|
| 650 | 2 |
_aSkull _xRadiography. |
|
| 650 | 2 |
_aFace _xRadiography. |
|
| 650 | 2 |
_aParanasal sinuses _xRadiography. |
|
| 650 | 2 | _aNeuroradiography. | |
| 700 | 1 |
_aMorello, Francesco, _ejoint author. |
|
| 906 |
_a7 _bcbc _corignew _d1 _eocip _f19 _gy-gencatlg |
||
| 942 |
_2lcc _cBK _nPW |
||